Informe de la FETLAE

Shranjeno v:
Bibliografske podrobnosti
Korporativna značnica: Federación de Trabajadores Libres Azucareros del Ecuador
Format: Texto
Izdano: San José: CEDAL
Oznake: Označite
Brez oznak, prvi označite!

MARC

LEADER 00000 a a2200000 04500
001 18696
003
040 |a CRAI/IIS  |c CRAI/IIS 
090 |a 010200  
110 |a Federación de Trabajadores Libres Azucareros del Ecuador  
245 |a Informe de la FETLAE  
260 |a San José:   |b CEDAL  
300 |a 6 p.  
999 |c 16588  |d 16588